Statistics for The Maze Runner Characters

Click here to take the quiz!

General Stats

  • This quiz has been taken 383 times
  • The average score is 21 of 32

Answer Stats

HintAnswer% Correct
Main CharacterThomas
100%
Second in chargeNewt
99%
Female Best friend of aboveTeresa
99%
Leader of the GladeAlby
98%
Youngest GladerChuck
98%
The Glade bullyGally
98%
Keeper of the RunnersMinho
98%
Keeper of the CooksFrypan
96%
Banished to a night in the MazeBen
94%
Keeper of the ButchersWinston
92%
Only male Glader from Group BAris
90%
Female friend from the ScorchBrenda
89%
Medjack #1Clint
86%
Chancellor of WICKEDAva Paige
85%
Keeper of the GardensZart
85%
Medjack #2Jeff
84%
Vice-Chancellor of WICKEDA.D.Janson
82%
Male friend from the ScorchJorge
81%
Second in command of Group BSonya
79%
Leader of Group BHarriet
77%
Best friend of aboveRachel
70%
Leader of the Right ArmVince
63%
Shoots ThomasBlondie
32%
Was killed in Scorch Trials by a 'head slicing ball'Frankie
28%
Killed in the lightning stormJack
24%
Member of Group B that killed RachelBeth
17%
Tries to take Thomas's noseMr. Nose
16%
Female friend of the shooterPonytail
13%
Scientist in DenverHans
10%
Male friend of the shooterTall and Ugly
8%
Supposedly caused the explosion on the 'Underneath'Barkley
6%
Guard aboard the BergDavid
5%

Score Distribution

Percentile by Number Answered

Percent of People with Each Score

Your Score History

You have not taken this quiz